000 00899nam a2200265 i 4500
001 5020
005 20250923132953.0
008 140420s2005 mx a gr 000 0 spa d
020 _a9700755401
040 _aCO-BoRNBP
_bspa
_cCO-BoRNBP
_erda
082 0 4 _a242.2
_bA38c
_223
100 1 _aAgustín, Santo,
_d354-430
_eautor
_962410
245 1 0 _aConfesiones
_cSan Agustín ; versión, introducción y notas de Francisco Montes de Oca
250 _adecimosexta edición
264 1 _aMéxico
_bPorrúa
_c2005
300 _a335 páginas
_c21 cm
336 _atexto
_btxt
_2rdacontenido
337 _asin mediación
_bn
_2rdamedia
338 _avolumen
_bnc
_2rdacarrier
650 1 7 _aFilosofía cristiana
_2LEMB
_965083
650 1 7 _aMeditaciones
_2LEMB
_914983
700 1 _aMontes de Oca, Francisco,
_eintroducción y notas
_965084
700 1 _aRibadeneyra, Pedro,
_etraductor.
_965085
942 _cBK
_2ddc
999 _c5020
_d5020